| 000 | 00549nam a22002057a 4500 | ||
|---|---|---|---|
| 003 | Nust | ||
| 005 | 20211230153359.0 | ||
| 008 | 170113b xxu||||| |||| 00| 0 eng d | ||
| 020 | _a 0-7506-7716-3 | ||
| 038 | _akhadija | ||
| 040 | _cc | ||
| 082 |
_a620.11 _bAST |
||
| 100 |
_aAsthana, Rajiv _982912 |
||
| 245 |
_aMaterials Science in Manufacturing\ _cRajiv Asthana, Ashoke Kumar and Narendra Dahotre |
||
| 260 |
_aBostan : _bElseiver, _c2006. |
||
| 300 |
_a628 p. ; _c26 cm. |
||
| 500 | _aHardcover. | ||
| 563 | _ahardcover | ||
| 942 |
_cBK _2ddc |
||
| 999 |
_c32019 _d32019 |
||